000
00328pam a2200145 a 4500
020
_c
041
_h
082
_a
613
_b
THO
100
_a
Thomas, D B.
245
_a
Your Baby
_h
Textual Documents
260
_a
Bombay
_b
A H Wheeler and Co Pvt Ltd
_c
1985
300
_a
60.
653
_a
General & Personal Hygiene
930
_a
417
999
_c
73731
_d
73731